Elecciones 2007: recomposición de las derechas y estrategia electoral de la oligarquía
Salvato in:
| Autore principale: | |
|---|---|
| Altri autori: | |
| Natura: | testo |
| Lingua: | Spanish |
| Pubblicazione: |
Guatemala:
Fundación Friedrich Ebert. Editorial de Ciencias Sociales
|
| Soggetti: | |
| Tags: |
Aggiungi Tag
Nessun Tag, puoi essere il primo ad aggiungerne!!
|
MARC
| LEADER | 00000 a a2200000 04500 | ||
|---|---|---|---|
| 001 | 39200 | ||
| 003 | cru CIDCACS/IIS | ||
| 005 | 20190830120351.0 | ||
| 008 | 190830b2008 GT ||||| |||| 00| 0 spa d | ||
| 999 | |c 8160 |d 8160 | ||
| 020 | |a 978-9922-68-53-7 | ||
| 040 | |c cru CIDCACS/IIS | ||
| 090 | |a 04.04.02 A473i | ||
| 100 | 1 | |a Hernández, Iduvina |9 8491 | |
| 245 | |a Elecciones 2007: |b recomposición de las derechas y estrategia electoral de la oligarquía |c Iduvina Hernández | ||
| 260 | |a Guatemala: |b Fundación Friedrich Ebert. Editorial de Ciencias Sociales | ||
| 300 | |a páginas 151-170 | ||
| 650 | |a GUATEMALA | ||
| 650 | |a DERECHA | ||
| 650 | |a HISTORIA POLITICA | ||
| 650 | |a CONFLICTOS SOCIALES | ||
| 650 | |a ELECCIONES | ||
| 700 | |a comp. |a Sáenz de Tejada, Ricardo |a comp. |a Bá Tiul, Máximo |a Berganza, Gustavo |a Figueroa I., Carlos |a Hernández, Iduvina |a Torres-Rivas, Edelberto |a Véliz, Rodrigo | ||
| 942 | |2 ddc |c LI | ||
| 773 | 0 | |0 666 |9 467 |a Alvarez A., Virgilio |d Ciudad Guatemala: FLACSO. Fundación Friedrich Ebert |o 06008 |t Izquierdas y construcción de orden democrático en Guatemala: una aproximación a las elecciones 2007 |w (cru CIDCACS/IIS)38706 | |
